| 000 | 00694nam a2200193 a 4500 | ||
|---|---|---|---|
| 003 | 0 | ||
| 005 | 20250222110807.0 | ||
| 008 | 111115s19uu xx 00 eng d | ||
| 050 |
_aPGS BF 697.5.S43 _b.C532 2011 |
||
| 100 | _aChiang, Marc Allen Si. | ||
| 245 |
_aPerceived self-esteem and the extent of participation in cyber-bullying / _cMarc Allen Si Chiang. |
||
| 260 |
_aLas PiƱas City, Philippines : _bSouthville International School and Colleges, _c2011. |
||
| 300 |
_a29 pages : _billustrations ; _c28 cm. |
||
| 504 | _aIncludes bibliographical references. | ||
| 650 | _aCyber bullying. | ||
| 650 | _aSelf-esteem. | ||
| 650 |
_aBullying _vPsychological aspects. |
||
| 942 |
_2lcc _cPASS |
||
| 999 |
_c98634 _d98634 |
||